Recuerdos de un pintor que escribe (Record no. 120961)

MARC details
000 -LEADER
campo de control de longitud fija 00490nam a2200157 4500
001 - NÚMERO DE CONTROL
campo de control 120961
003 - IDENTIFICADOR DE NÚMERO DE CONTROL
campo de control ES-MaACL
005 - FECHA Y HORA DE LA ÚLTIMA TRANSACCIÓN
campo de control 20230906191646.0
007 - CAMPO FIJO DE DESCRIPCIÓN FÍSICA--INFORMACIÓN GENERAL
campo de control de longitud fija t|
008 - DATOS DE LONGITUD FIJA--INFORMACIÓN GENERAL
campo de control de longitud fija 070214s1972 sp r ||||1| spa d
100 1# - ENTRADA PRINCIPAL--NOMBRE DE PERSONA
Nombre de persona Pompey, Francisco.
9 (RLIN) 92936
245 10 - MENCIÓN DEL TÍTULO
Título Recuerdos de un pintor que escribe
Resto del título : semblanzas de grandes figuras /
Mención de responsabilidad, etc. Francisco Pompey.
260 ## - PUBLICACIÓN, DISTRIBUCIÓN, ETC.
Lugar de publicación, distribución, etc. Madrid :
Nombre del editor, distribuidor, etc. [s.n.],
Fecha de publicación, distribución, etc. 1972 (
Fabricante Gráf. Iberoamericanas)
300 ## - DESCRIPCIÓN FÍSICA
Extensión 360 p. ;
Dimensiones 19 cm.
852 ## - LOCALIZACIÓN
Ubicación ES-MaACL
Número de control de estantería C-49664
Sublocalización o colección R.83627
Holdings
Estatus retirado Estado de pérdida Estado de daño No para préstamo Biblioteca de origen Biblioteca actual Ubicación en estantería Fecha de adquisición Fuente de adquisición Total de préstamos Signatura topográfica completa Código de barras Visto por última vez Precio de reemplazo Tipo de ítem Koha
        Biblioteca del Ateneo de Madrid Biblioteca del Ateneo de Madrid Depósito 2 17/01/2008     C-49664 1126071 23/02/2023 23/02/2023 Libro impreso